000 00307nam a22001337a 4500
008 171002b xxu||||| |||| 00| 0 eng d
020 _a9780131487666
041 _aeng
080 _27TH
_a37
100 _a47
101 _aEDU
245 _aPROGRAMMED COLLEGE VOCABULARY
_cFEINSTEIN,G.W
942 _2udc
_cBK
999 _c31066
_d31066